书目信息 |
| 题名: |
有心如歌:席慕德谈歌艺
|
|
| 作者: | 席慕德 著 | |
| 分册: | ||
| 出版信息: | 上海 文汇出版社 1999.12 |
|
| 页数: | 244页 | |
| 开本: | 32开 | |
| 丛书名: | ||
| 单 册: | ||
| 中图分类: | J6-49 | |
| 科图分类: | ||
| 主题词: | 音乐 | |
| 电子资源: | ||
| ISBN: | 7-80531-695-3 | |
| 000 | 00540nam0 2200193 45 | |
| 001 | 0010271055 | |
| 005 | 20001027102452.6 | |
| 010 | @a7-80531-695-3@d15.00元 | |
| 100 | @a20001027d1999 km y0chiy0120 ea | |
| 101 | 0 | @achi |
| 105 | @a z 000yy | |
| 200 | 1 | @a有心如歌:席慕德谈歌艺@AYou Xin Ru Ge:Xi Mu De Tan Ge Yi@f席慕德著@FXi Mu De Zhu |
| 210 | @a上海@c文汇出版社@d1999.12 | |
| 215 | @a244页@d32开 | |
| 606 | 0 | @a音乐 |
| 690 | @aJ6-49@v3 | |
| 701 | 0 | @a席慕德@4著 |
| 801 | @aCN@bPftUser@c20001027 | |
| 905 | @b192911-915@dJ6-49@eX319@f5 | |
| 有心如歌:席慕德谈歌艺/席慕德著.-上海:文汇出版社,1999.12 |
| 244页;32开 |
| ISBN 7-80531-695-3:15.00元 |
| ● |
| 相关链接 |
|
|
|
正题名:有心如歌:席慕德谈歌艺
索取号:J6-49/X319
 
预约/预借
| 序号 | 登录号 | 条形码 | 馆藏地/架位号 | 状态 | 备注 |
| 1 | 192911 | 201929119 | 社科库309/309社科库 90排4列2层/ [索取号:J6-49/X319] | 在馆 | |
| 2 | 192912 | 201929128 | 社科库309/309社科库 90排4列2层/ [索取号:J6-49/X319] | 在馆 | |
| 3 | 192913 | 201929137 | 社科库309/309社科库 90排4列2层/ [索取号:J6-49/X319] | 在馆 | |
| 4 | 192914 | 201929146 | 社科库309/309社科库 90排4列2层/ [索取号:J6-49/X319] | 在馆 | |
| 5 | 192915 | 201929155 | 社科库309/309社科库 90排4列2层/ [索取号:J6-49/X319] | 在馆 |